=LDR 00000nam 2200000 4500 =001 INLIS000000000039436 =005 20130612145050 =008 ***********************************ind** =035 ##$$a0010-061300000039436 =041 ##$$a ind =082 ##$$a 746.4 =090 ##$$a 746.4, Dha k.1 =100 ##$$a DHARMAWAN, Lanny =245 ##$$a Korsase dari kain perca, 33 Kreasi korsase dengan style yang anggun,elegan dan casual, Lanny dharmawan;Editor,Dinar mahar =260 ##$$a 2010 $b Surabaya =300 ##$$a 111 Hlm, Ilus, 26 Cm =650 ##$$a KREASI KORSASE =700 ##$$a mAHAR, Dinar =850 ##$$a NBPNMAT =990 ##$$a 21400613/BPAP-NTB/20142014 =990 ##$$a 0001/BPAP-NTB/20142014